[Event "HUN Youth Ch U 8 Girls Final"]
[Site "?"]
[Date "2013.06.23"]
[Round "4.4"]
[White "Sulyok, Eszter"]
[Black "Hegedus, Luca"]
[Result "1-0"]
[WhiteElo "1288"]
[BlackElo "1172"]
[PlyCount "85"]
[EventDate "2013.??.??"]

1. d4 Nf6 2. c4 d6 3. Nc3 Bf5 4. Nf3 g6 5. Bg5 Bg7 6. Qd2 Nc6 7. g3 Nb4 8. Rc1
h6 9. Be3 Nc2+ 10. Rxc2 Bxc2 11. Qxc2 O-O 12. Qd2 Kh7 13. Bg2 Qd7 14. O-O Rad8
15. Qd3 d5 16. Ne5 Qe8 17. cxd5 a5 18. b3 Nd7 19. f4 Nxe5 20. dxe5 Qd7 21. Qb5
Qxb5 22. Nxb5 Rd7 23. Rd1 e6 24. d6 c6 25. Nc7 h5 26. Bb6 Bh6 27. Bxa5 g5 28.
Bd2 gxf4 29. gxf4 h4 30. Be4+ f5 31. Bd3 Rg8+ 32. Kf1 h3 33. Bc4 Rg2 34. Bxe6
Rd8 35. Bxf5+ Kg7 36. Bxh3 Rxh2 37. Bg2 Rh4 38. Ne6+ Kg8 39. Nxd8 Bxf4 40. Bxf4
Rxf4+ 41. Kg1 Kf8 42. Nxb7 Ke8 43. d7+ 1-0

[Event "HUN Youth Ch U12 Girls Final"]
[Site "?"]
[Date "2013.06.24"]
[Round "4.1"]
[White "Kiss, Rebeka"]
[Black "Mayer, Boglarka"]
[Result "1-0"]
[WhiteElo "1512"]
[BlackElo "1392"]
[PlyCount "119"]
[EventDate "2013.??.??"]

1. e4 e6 2. d4 d5 3. Nc3 Bb4 4. e5 c5 5. a3 Bxc3+ 6. bxc3 Qa5 7. Bd2 Qa4 8. Nf3
b6 9. Qb1 Ba6 10. Qb3 Qxb3 11. cxb3 Bxf1 12. Kxf1 Ne7 13. Nh4 O-O 14. f4 f6 15.
Ke2 Nbc6 16. Be3 a5 17. dxc5 bxc5 18. Bxc5 fxe5 19. fxe5 Rf4 20. Nf3 Ng6 21.
Bd4 Re4+ 22. Kd3 Ncxe5+ 23. Nxe5 Nxe5+ 24. Bxe5 Rxe5 25. Rae1 Rxe1 26. Rxe1 Kf7
27. Kd4 Rc8 28. Re3 Rc6 29. Re1 Ke7 30. Rc1 Kd6 31. Re1 Rc7 32. Rf1 e5+ 33. Kd3
Ke6 34. b4 Ra7 35. b5 Rb7 36. a4 Rb6 37. Rf8 e4+ 38. Kd4 Rb7 39. Rd8 Rc7 40.
Rxd5 Rxc3 41. Re5+ Kf6 42. Rxe4 Rb3 43. Kc5 Rd3 44. Kb6 Rd8 45. Kxa5 Kf5 46.
Re7 Kf6 47. Re2 Rd7 48. Ka6 Re7 49. Rxe7 Kxe7 50. b6 Kd6 51. b7 Kc7 52. Ka7 Kc6
53. b8=Q Kc5 54. Qb5+ Kd4 55. Kb6 Ke3 56. Qf5 Kd4 57. Qe6 g5 58. Kc6 h5 59.
Qd5+ Ke3 60. Qxg5+ 1-0

[Event "HUN Youth Ch U12 Girls Final"]
[Site "?"]
[Date "2013.06.24"]
[Round "4.2"]
[White "Terjek, Agota"]
[Black "Laszlo, Dalma"]
[Result "0-1"]
[WhiteElo "1314"]
[BlackElo "1345"]
[PlyCount "56"]
[EventDate "2013.??.??"]

1. d4 d5 2. c4 e6 3. Nf3 f5 4. Nc3 c6 5. Qb3 Bd6 6. Bg5 Nf6 7. e3 O-O 8. Bd3 h6
9. Bh4 Kh7 10. Qd1 g5 11. Bg3 Rg8 12. h4 g4 13. Ne5 Bxe5 14. Bxe5 Nbd7 15. Bd6
Nh5 16. g3 Nb6 17. cxd5 Qxd6 18. dxc6 Qxc6 19. e4 a6 20. Rc1 Qd6 21. Bc2 Rd8
22. Ne2 Qb4+ 23. Kf1 Nc4 24. b3 Nd2+ 25. Kg2 Nxe4 26. Bxe4 fxe4 27. Rc4 Qf8 28.
Nc3 Qf3+ 0-1

[Event "HUN Youth Ch U12 Girls Final"]
[Site "?"]
[Date "2013.06.24"]
[Round "4.4"]
[White "Lengyel, Andrea"]
[Black "Kurucz, Blanka"]
[Result "1/2-1/2"]
[WhiteElo "1713"]
[BlackElo "1406"]
[PlyCount "47"]
[EventDate "2013.??.??"]

1. d4 d5 2. Nf3 Nf6 3. c4 e6 4. Nc3 Be7 5. Bf4 O-O 6. e3 Nbd7 7. a3 c5 8. cxd5
Nxd5 9. Nxd5 exd5 10. dxc5 Nxc5 11. Be2 b6 12. O-O Bb7 13. Rc1 Rc8 14. b4 Ne4
15. Rxc8 Qxc8 16. Qc1 Bf6 17. Nd4 h6 18. h3 Re8 19. Bb5 Rf8 20. Be2 Re8 21. Bg4
Qc4 22. Qxc4 dxc4 23. Rc1 g5 24. Bh2 1/2-1/2

[Event "HUN Youth Ch U12 Girls Final"]
[Site "?"]
[Date "2013.06.24"]
[Round "4.5"]
[White "Kocsis, Anett"]
[Black "Kovacs, Judit"]
[Result "0-1"]
[WhiteElo "1644"]
[BlackElo "1669"]
[PlyCount "72"]
[EventDate "2013.??.??"]

1. e4 c5 2. Nc3 Nc6 3. g3 g6 4. Bg2 Bg7 5. d3 d6 6. Be3 Nf6 7. h3 Rb8 8. Qd2
O-O 9. Nge2 Bd7 10. O-O b5 11. Bh6 Qc8 12. Kh2 e6 13. Bxg7 Kxg7 14. h4 h5 15.
Nf4 b4 16. Nce2 Nd4 17. c3 bxc3 18. Qxc3 e5 19. Nxd4 cxd4 20. Qxc8 Rfxc8 21.
Nd5 Nxd5 22. exd5 Rxb2 23. Kg1 Bf5 24. Be4 Bxe4 25. dxe4 Rcc2 26. a4 Ra2 27.
Rxa2 Rxa2 28. Re1 Rxa4 29. f3 a5 30. Kf1 Ra2 31. f4 f6 32. Rb1 a4 33. Rb7+ Kf8
34. Rd7 d3 35. Rxd6 Ra1+ 36. Kf2 d2 0-1

[Event "HUN Youth Ch U14 Girls Final"]
[Site "?"]
[Date "2013.06.24"]
[Round "4.1"]
[White "Szakasics, Emese"]
[Black "Szucs, Edina"]
[Result "1/2-1/2"]
[WhiteElo "1655"]
[BlackElo "1445"]
[PlyCount "87"]
[EventDate "2013.??.??"]

1. e4 e6 2. d4 d5 3. Nd2 c5 4. Ngf3 Nf6 5. exd5 Qxd5 6. Bc4 Qd8 7. c3 Nc6 8.
Nb3 cxd4 9. Nbxd4 Bd7 10. O-O Bc5 11. Bg5 O-O 12. Nb5 Be7 13. Bf4 a6 14. Nd6
Qb6 15. Bb3 Na5 16. h3 Rfd8 17. Qd4 Qxd4 18. Nxd4 Nxb3 19. Nxb3 Bc6 20. Rfd1
Bd5 21. c4 Bxd6 22. Bxd6 Rxd6 23. cxd5 Rxd5 24. Rdc1 Rb5 25. Rc2 h6 26. Rd1 Nd5
27. Rc4 a5 28. Rd2 Rb4 29. Rc5 b6 30. Rc6 Rb5 31. Rc4 a4 32. Nd4 Rc5 33. Rdc2
Rxc4 34. Rxc4 Kf8 35. Nb5 Ke7 36. Nc7 Nxc7 37. Rxc7+ Kf6 38. f4 Rb8 39. Kf2 Kg6
40. g4 f6 41. Re7 Rc8 42. Rxe6 Rc2+ 43. Re2 Rc4 44. Kf3 1/2-1/2

[Event "HUN Youth Ch U14 Girls Final"]
[Site "?"]
[Date "2013.06.24"]
[Round "4.2"]
[White "Vanczak, Virag"]
[Black "Szuhai, Beata Barbara"]
[Result "1/2-1/2"]
[WhiteElo "1385"]
[BlackElo "1529"]
[PlyCount "110"]
[EventDate "2013.??.??"]

1. e4 e6 2. d4 d5 3. e5 c5 4. c3 Nc6 5. Nf3 Qb6 6. Na3 cxd4 7. cxd4 Bb4+ 8. Bd2
a6 9. Bxb4 Qxb4+ 10. Qd2 Qxd2+ 11. Kxd2 Nge7 12. Nc2 O-O 13. Bd3 Bd7 14. Ke2
Rac8 15. Nd2 Rc7 16. Nb3 Na7 17. Nc5 Bb5 18. Rac1 Rfc8 19. Kd2 Bxd3 20. Kxd3
Nf5 21. b4 b6 22. Na4 Rc6 23. Kd2 Nh4 24. Ne3 Rxc1 25. Rxc1 Rxc1 26. Kxc1 Nc6
27. Nc2 b5 28. Nc5 a5 29. bxa5 Nxa5 30. Ne3 Kf8 31. Kd2 Ke8 32. Kc3 Nc6 33. a3
Kd8 34. Nb7+ Kc7 35. Nd6 Kb6 36. Nxf7 h6 37. Nd6 Ka5 38. Nb7+ Kb6 39. Nc5 Nd8
40. a4 Ng6 41. g3 Ne7 42. axb5 Kxb5 43. h4 Nec6 44. Ng2 Nxd4 45. Kxd4 Nc6+ 46.
Kc3 Kxc5 47. Nf4 d4+ 48. Kd3 Nxe5+ 49. Ke4 Kd6 50. Kxd4 Ng4 51. Nd3 e5+ 52. Ke4
g6 53. f3 Nf6+ 54. Ke3 Nd5+ 55. Ke4 Nf6+ 1/2-1/2

[Event "HUN Youth Ch U14 Girls Final"]
[Site "?"]
[Date "2013.06.24"]
[Round "4.3"]
[White "Giczi, Alexandra Laura"]
[Black "Simon, Lili"]
[Result "0-1"]
[WhiteElo "1452"]
[BlackElo "1853"]
[PlyCount "48"]
[EventDate "2013.??.??"]

1. e4 e5 2. Nf3 Nc6 3. Bc4 Bc5 4. c3 d6 5. h3 Nf6 6. d3 a6 7. Bg5 h6 8. Bxf6
Qxf6 9. Nbd2 Ba7 10. Qc2 Be6 11. Bxe6 fxe6 12. Nb3 O-O 13. O-O Ne7 14. d4 Ng6
15. dxe5 Nxe5 16. Nbd2 Nf7 17. Rad1 Ng5 18. a3 Rf7 19. Qd3 Raf8 20. Kh1 Qg6 21.
b4 Qh5 22. Nxg5 Qxg5 23. Nf3 Qh5 24. Kh2 Rxf3 0-1

[Event "HUN Youth Ch U14 Girls Final"]
[Site "?"]
[Date "2013.06.24"]
[Round "4.4"]
[White "Kurcsics, Erika"]
[Black "Kassay, Lilla"]
[Result "1-0"]
[WhiteElo "1743"]
[BlackElo "1741"]
[PlyCount "129"]
[EventDate "2013.??.??"]

1. c4 Nf6 2. g3 e6 3. Bg2 c5 4. d4 cxd4 5. Qxd4 Nc6 6. Qd1 Be7 7. e3 O-O 8. Ne2
Qc7 9. b3 Rd8 10. Nbc3 a6 11. O-O b6 12. e4 Bb7 13. Bf4 d6 14. a3 Rac8 15. f3
Qb8 16. Bg5 h6 17. Bxf6 Bxf6 18. Rc1 Ba8 19. a4 Qa7 20. Kh1 Nb4 21. f4 Qd7 22.
Bh3 Bc6 23. Nd5 Bxd5 24. exd5 Qb7 25. Kg1 Qe7 26. Nd4 Rc5 27. dxe6 Bxd4+ 28.
Qxd4 fxe6 29. Rfe1 e5 30. Qd2 Nc6 31. b4 Nxb4 32. Qxb4 Qc7 33. fxe5 dxe5 34.
Rcd1 Rf8 35. Be6+ Kh8 36. Bd5 Qd6 37. Qb2 Qf6 38. Rf1 Qe7 39. Rxf8+ Qxf8 40.
Qxe5 b5 41. Rf1 Qd8 42. Rf7 Qg8 43. Rc7 Qf8 44. Rxg7 Rxd5 45. Rg8+ Kxg8 46.
Qxd5+ Kh8 47. cxb5 axb5 48. axb5 Qb4 49. Qe5+ Kh7 50. Qf5+ Kh8 51. Qf6+ Kh7 52.
b6 Qe1+ 53. Kg2 Qe2+ 54. Kh3 Qh5+ 55. Kg2 Qe2+ 56. Qf2 Qe4+ 57. Kf1 Qh1+ 58.
Ke2 Qe4+ 59. Qe3 Qc2+ 60. Kf3 Qd1+ 61. Ke4 Qc2+ 62. Kd5 Qf5+ 63. Qe5 Qd7+ 64.
Kc5 Qc8+ 65. Qc7+ 1-0

[Event "HUN Youth Ch U14 Girls Final"]
[Site "?"]
[Date "2013.06.24"]
[Round "4.5"]
[White "Nemeth, Noemi Anna"]
[Black "Koltai, Anna"]
[Result "1-0"]
[WhiteElo "1444"]
[BlackElo "1579"]
[PlyCount "129"]
[EventDate "2013.??.??"]

1. d4 Nf6 2. Nf3 c5 3. d5 g6 4. b3 Bg7 5. Bb2 d6 6. c4 O-O 7. Nbd2 a6 8. e4 Bg4
9. h3 Bxf3 10. Qxf3 Nbd7 11. Bd3 Rb8 12. O-O b5 13. Rab1 Qa5 14. Qe2 Rfc8 15.
Rfc1 Nh5 16. Bxg7 Kxg7 17. Bc2 Qxa2 18. Nf3 Qa5 19. g4 Nhf6 20. e5 dxe5 21.
Nxe5 Nxe5 22. Qxe5 Qc7 23. Qc3 Kf8 24. g5 Ng8 25. Qf3 Qe5 26. h4 Qd4 27. Be4
bxc4 28. Rxc4 Qe5 29. Rbc1 Rb6 30. Qe3 Qb8 31. Rb1 a5 32. Qc3 f6 33. Qe3 Qd6
34. Bc2 Qxd5 35. Rd1 Qb7 36. Rd3 Rb4 37. Rdc3 Qd5 38. Rxc5 Rg4+ 39. Kf1 Qg2+
40. Ke2 Rxc5 41. Rxc5 Rxh4 42. Rxa5 Qg4+ 43. Qf3 Qe6+ 44. Qe3 Qc6 45. Qc5 Qxc5
46. Rxc5 fxg5 47. Rxg5 Nf6 48. Rb5 Rh5 49. Rxh5 Nxh5 50. b4 Ke8 51. Kf3 Kd7 52.
b5 Kc7 53. Kg4 Nf6+ 54. Kg5 Kb6 55. Bd3 Nd5 56. Kh6 Nc7 57. Kxh7 Nxb5 58. Bxb5
Kxb5 59. Kxg6 Kc6 60. Kf7 e5 61. Ke6 e4 62. Ke5 Kd7 63. Kxe4 Ke6 64. Kf4 Kf6
65. f3 1-0

[Event "HUN Youth Ch U16 Girls Final"]
[Site "?"]
[Date "2013.06.24"]
[Round "4.1"]
[White "Gombos, Bettina"]
[Black "Arvai, Eszter"]
[Result "1/2-1/2"]
[WhiteElo "1979"]
[BlackElo "1889"]
[PlyCount "106"]
[EventDate "2013.??.??"]

1. e4 e5 2. Nf3 Nc6 3. Bc4 Bc5 4. c3 Nf6 5. d4 exd4 6. O-O O-O 7. e5 d5 8. exf6
dxc4 9. fxg7 Kxg7 10. Ng5 Bf5 11. Qf3 Qd7 12. Nd2 Bd3 13. Nde4 Be7 14. Qg3 Kh8
15. Rd1 Qf5 16. Rxd3 cxd3 17. Qxd3 Rg8 18. Nf3 Qg6 19. g3 Rad8 20. Bd2 Bf6 21.
Bg5 Bxg5 22. Nfxg5 h6 23. Nf3 Rge8 24. Re1 Re7 25. Nh4 Qh7 26. Qf3 Re6 27. Kg2
Ne5 28. Qf5 Qxf5 29. Nxf5 Nd3 30. Re2 Nc1 31. Rc2 Rxe4 32. Rxc1 d3 33. Ne3 Ra4
34. a3 Ra6 35. Rd1 Rb6 36. Nc4 Re6 37. Ne3 Kg7 38. Rd2 a6 39. Nf5+ Kg6 40. Nd4
Rxd4 41. cxd4 Re2 42. Rxd3 Rxb2 43. g4 a5 44. h3 c6 45. d5 cxd5 46. Rxd5 b6 47.
Rd6+ Kg7 48. Rd3 a4 49. Rd4 b5 50. Rd5 Rb3 51. h4 b4 52. axb4 Rxb4 53. f3 Rb2+
1/2-1/2

[Event "HUN Youth Ch U18 Girls Final"]
[Site "?"]
[Date "2013.06.27"]
[Round "5.1"]
[White "Szente Varga, Fruzsina"]
[Black "Karikas, Marianna"]
[Result "1/2-1/2"]
[WhiteElo "2003"]
[BlackElo "1833"]
[PlyCount "80"]
[EventDate "2013.??.??"]

1. e4 e6 2. d4 d5 3. Nc3 Bb4 4. e5 c5 5. a3 Bxc3+ 6. bxc3 Qa5 7. Bd2 c4 8. Qg4
Ne7 9. Be2 Ng6 10. h4 h5 11. Qg5 Qd8 12. Bxh5 Qxg5 13. hxg5 Ke7 14. Ne2 Bd7 15.
O-O-O Na6 16. f4 Nf8 17. Bf3 Rxh1 18. Rxh1 g6 19. g4 Nc7 20. Kd1 Ba4 21. f5 Rd8
22. Nf4 Rc8 23. Bc1 Nb5 24. Kd2 Nc7 25. Rh6 a6 26. fxg6 fxg6 27. Nxg6+ Nxg6 28.
Rxg6 Kf7 29. Rf6+ Kg7 30. Kd1 Re8 31. g6 Re7 32. g5 Ne8 33. Bh5 Kg8 34. Rf7 Rc7
35. Be3 Rd7 36. Kd2 Ng7 37. Bg4 Rxf7 38. gxf7+ Kxf7 39. Bf3 Kg6 40. Bg4 Kf7
1/2-1/2

[Event "HUN Youth Ch U18 Girls Final"]
[Site "?"]
[Date "2013.06.27"]
[Round "5.2"]
[White "Juhasz, Barbara"]
[Black "Horvath, Ilona Klara"]
[Result "1-0"]
[WhiteElo "2153"]
[BlackElo "1922"]
[PlyCount "79"]
[EventDate "2013.??.??"]

1. e4 c6 2. d4 d5 3. Nd2 dxe4 4. Nxe4 Nf6 5. Nxf6+ gxf6 6. c3 Bf5 7. Nf3 Nd7 8.
g3 e6 9. Bg2 Bd6 10. O-O Qc7 11. Nh4 Bg6 12. f4 f5 13. Qe2 Nf6 14. b4 O-O 15.
Nxg6 hxg6 16. Bd2 Rad8 17. Rfd1 Rfe8 18. Rac1 Bf8 19. Be1 Bg7 20. a3 b6 21. c4
c5 22. Bf2 Ng4 23. dxc5 Rxd1+ 24. Rxd1 Nxf2 25. Qxf2 bxc5 26. Qxc5 Qxc5+ 27.
bxc5 Bf8 28. c6 Bc5+ 29. Kf1 Rc8 30. a4 Bb6 31. Rd7 Rc7 32. Rd8+ Kg7 33. Rb8
Kf6 34. Rb7 Rxb7 35. cxb7 Bc7 36. Ke2 e5 37. fxe5+ Kxe5 38. Bd5 f6 39. Kd3 g5
40. h4 1-0